[Event "SVK-chT2C 0506"]
[Site "Slovakia"]
[Date "2006.03.12"]
[Round "11.8"]
[White "Chovanec, Stefan"]
[Black "Stupak, Peter"]
[Result "1/2-1/2"]
[WhiteElo "1705"]
[BlackElo "2040"]
[PlyCount "35"]
[EventDate "2005.10.22"]
[EventType "team-tourn"]
[EventRounds "11"]
[EventCountry "SVK"]
[SourceTitle "EXT 2009"]
[Source "ChessBase"]
[SourceDate "2008.11.26"]
[SourceVersion "1"]
[SourceVersionDate "2008.11.26"]
[SourceQuality "1"]

1. e4 c5 2. Bc4 e6 3. b3 Nc6 4. Bb2 d6 5. Bb5 a6 6. Bxc6+ bxc6 7. c4 Nf6 8. d3 Be7 9. Nd2 0-0 10. h3 Nd7 11. f4 Bf6 12. Bxf6 Qxf6 13. Ne2 Qh6 14. Nf3 f5 15. 0-0 Bb7 16. Nh2 Rac8 17. Qc2 Rf6 18. Rf3 1/2-1/2

[Event "SVK-chT2C 0506"]
[Site "Slovakia"]
[Date "2005.12.17"]
[Round "5.8"]
[White "Gregor, Zdenek"]
[Black "Stupak, Peter"]
[Result "1/2-1/2"]
[WhiteElo "1770"]
[BlackElo "2040"]
[PlyCount "29"]
[EventDate "2005.10.22"]
[EventType "team-tourn"]
[EventRounds "11"]
[EventCountry "SVK"]
[SourceTitle "EXT 2009"]
[Source "ChessBase"]
[SourceDate "2008.11.26"]
[SourceVersion "1"]
[SourceVersionDate "2008.11.26"]
[SourceQuality "1"]

1. d4 d5 2. Bf4 Nf6 3. e3 g6 4. h3 Bg7 5. Nf3 Nbd7 6. c3 c6 7. Bd3 0-0 8. 0-0 a6 9. Nbd2 Re8 10. Qc2 c5 11. Rfe1 c4 12. Be2 b5 13. e4 dxe4 14. Nxe4 Bb7 15. Nxf6+ 1/2-1/2

[Event "SVK-chT2 0304"]
[Site "Slovakia"]
[Date "2004.??.??"]
[Round "11"]
[White "Lakatos, Vladimir"]
[Black "Stupak, Peter"]
[Result "1-0"]
[WhiteElo "2117"]
[BlackElo "2031"]
[PlyCount "61"]
[EventDate "2003.10.??"]
[EventType "team"]
[EventRounds "11"]
[EventCountry "SVK"]
[SourceTitle "EXT 2006"]
[Source "ChessBase"]
[SourceDate "2005.11.24"]
[SourceVersion "1"]
[SourceVersionDate "2005.11.24"]
[SourceQuality "1"]

1. c4 c6 2. Nc3 Nf6 3. e4 e5 4. f4 d6 5. Nf3 Nbd7 6. Be2 Be7 7. d4 Qb6 8. Rb1 0-0 9. b4 a6 10. c5 Qc7 11. cxd6 Bxd6 12. fxe5 Nxe5 13. dxe5 Bxe5 14. Nxe5 Qxe5 15. Qc2 b5 16. 0-0 c5 17. Be3 c4 18. Rbd1 Bg4 19. Bd4 Qe6 20. Bxf6 gxf6 21. Nd5 Bxe2 22. Qxe2 Rad8 23. Qh5 Kh8 24. Nxf6 Qb6+ 25. Kh1 Qxf6 26. Rxf6 Rxd1+ 27. Qxd1 Kg7 28. e5 Re8 29. Qh5 Rd8 30. Rxf7+ Kh8 31. Qxh7# 1-0